Jääkiekon SM-Liiga - Joukkueiden kotikentät - Statistics

Yleistilastot
  • Tätä visaa on pelattu 541 kertaa
    349 viimeisimmän päivityksen jälkeen
  • Keskiarvotulos 11 / 16
Vastaustilastot
Joukkue Jäähalli Avattu Kapasiteetti % Oikein
Ilves Nokia Arena / Tampereen Kansi 2021 13 330
97%
Tappara Nokia Arena / Tampereen Kansi 2021 13 330
97%
HIFK Helsingin Jäähalli / Nordis 1966 8 200
87%
TPS Gatorade Center / Turkuhalli 1990 11 820
84%
Kärpät Oulun Energia Areena / Raksila 1975 6 485
75%
K-Espoo Espoo Metro Areena / Tapiola 1999 6982
72%
KalPa Olvi Areena / Niiralan Monttu 1979 5 300
70%
Lukko Kivikylän Areena / Äijänsuo 1970 4 500
67%
SaiPa Kisapuiston Jäähalli 1972 4 820
62%
JYP LähiTapiola Areena / Hippos 1982 4 437
62%
Ässät Enersense Areena / Isomäki 1971 6 350
56%
Pelicans Isku Areena / Salpausselkä 1973 4 403
56%
HPK Pohjantähti Areena / Rinkelimäki 1979 5 360
56%
Jukurit Let's Go Areena / Kalevankangas 1982 4 200
43%
KooKoo Lumon Areena / Sumulaakso 1982 5 200
43%
Sport Vaasan Sähkö Areena / Kuparisaari 1971 5 000
43%
Ehtoja vastaavia visoja ei löytynyt
Tulosjakauma
Jokaisen tuloksen saaneiden osuus
Persentiili vastausten määrän mukaan
Tuloshistoriasi
Et ole pelannut tätä visaa sen viimeisimmän päivityksen jälkeen